000 00209nam a22000977a 4500
999 _c16253
_d16253
003 OSt
008 200626b ||||| |||| 00| 0 eng d
100 _aB.S. Bahl
_94651
245 _aOrganic Chemistry
942 _cBK